Čipové karty, ich životný cyklus a správa v kontexte X.509

Výhody využívania čipových kariet. Prehľad životného cyklu čipových kariet. Prepojenie životného cyklu čipovej karty so životným cyklom X.509 certifikátu. Správa životného cyklu čipovej karty a jeho napojenia na životný cyklus certifikátov. Vlastnosti a architektúra softvéru riadenia životného cyklu...

Descrizione completa

Salvato in:
Dettagli Bibliografici
Autore principale: Rublík, Martin
Natura: Capitolo di libro
Lingua:slovacco
Soggetti:
Tags: Aggiungi Tag
Nessun Tag, puoi essere il primo ad aggiungerne!!

MARC

LEADER 00000nla$a2200000$$$4500
001 0145660
005 20240502072628.1
041 0 |a slo 
044 |a SK 
245 1 0 |a Čipové karty, ich životný cyklus a správa v kontexte X.509  |c Martin Rublík 
520 |a Výhody využívania čipových kariet. Prehľad životného cyklu čipových kariet. Prepojenie životného cyklu čipovej karty so životným cyklom X.509 certifikátu. Správa životného cyklu čipovej karty a jeho napojenia na životný cyklus certifikátov. Vlastnosti a architektúra softvéru riadenia životného cyklu čipových kariet. 
610 2 0 |a karty čipové 
610 2 0 |a technológie informačné 
610 2 0 |a technológie komunikačné 
610 2 0 |a softvér 
610 2 0 |a hardvér 
610 2 0 |a certifikáty 
100 1 |a Rublík, Martin